Most Dangerous Countries for Natural Disasters - Statistics

General Stats
  • This quiz has been taken 823 times
    57 since last reset
  • The average score is 5 of 10
Answer Stats
# Country % Correct
2 Indonesia
82%
3 India
76%
5 Mexico
64%
1 Philippines
64%
10 Pakistan
60%
9 Bangladesh
56%
8 Russia
56%
6 Myanmar
44%
4 Colombia
31%
7 Mozambique
13%
No matching quizzes found
Score Distribution
Percent of People with Each Score
Percentile by Number Answered
Your Score History
You have not taken this quiz since the last reset